000 00786nam a22002177a 4500
999 _c12112
_d12112
003 AR-CdUCM
008 190405b ||||| |||| 00| 0 spa d
040 _aMUNICIPALIDAD PROVINCIAL DEL CUSCO
_cBIBLIOTECA MUNICIPAL DEL CUSCO
082 _a780.1 /
_bL19 / 1927
100 _aLalo, Charles
_929796
245 _aEstética musical científica /
260 _aMadrid :
_bDaniel Jorro,
_c1927.
300 _a456 páginas ;
_c23 cm.
505 _aContenido : Elementos del arte musical e idea de una estética integral -- Estudio matemático -- Estudio psicofiologico -- Estudio psicológico ...
650 _aEstética
_9589
650 _aMúsica
_91443
650 _aCientífica
_929797
700 _aOntañon Arias, José
_929798
942 _2ddc
_cLIBROS
945 _arah
_d05/04/2019